| 000 | 00547nam a2200229 a 4500 | ||
|---|---|---|---|
| 001 | nice12345678 | ||
| 003 | IN_TiNIC | ||
| 005 | 20260116014329.0 | ||
| 008 | 130218s2012 newa grp 000 0 eng | ||
| 020 |
_a9789381017807 _c695 |
||
| 082 | 0 | 0 |
_a305.4 _bLOO |
| 100 | _aLoomba, Ania | ||
| 245 | _aSouth Asian Feminisms | ||
| 260 |
_aNew Delhi _bZuban _c2012 |
||
| 300 | _a622p | ||
| 500 | _aincludes index and biblioraphy | ||
| 505 | 2 | _aBibliography, Index | |
| 650 | _aFeminism | ||
| 902 | _bSRS | ||
| 942 | _cBK | ||
| 999 |
_c14843 _d14843 |
||